000 00689nam a2200241Ia 4500
003 OSt
005 20220923213553.0
006 a|||||r|||| 00| 0
007 ta
008 220922b |||||||| |||| 00| 0 hin d
024 _a162,958
037 _cTextual
040 _aARTS
_cARTS
_bhin
041 _2hin
_ahin
082 _aO152,1N08x, J4
100 _aदिनकर, रामधारीसिंह
245 0 _aदिल्ली
246 _aDillī
260 _c1958
650 _aहिन्दी साहित्य
_9156264
942 _hO152,1N08x, J4
_cTEXL
_2CC
999 _c317438
_d317438